Nomes máis comúns en España - Statistics

General Stats
  • This quiz has been taken 3 times
  • The average score is 28 of 40
Answer Stats
nome % Correct
Ana
100%
Ángel
100%
Angeles
100%
Antonia
100%
Antonio
100%
Carlos
100%
Carmen
100%
Cristina
100%
Dolores
100%
Fernando
100%
Francisco
100%
Jorge
100%
José
100%
Josefa
100%
Juan
100%
Lucía
100%
Luis
100%
Manuel
100%
María
100%
Miguel
100%
Pedro
100%
Sergio
100%
Alejandro
50%
Daniel
50%
David
50%
Isabel
50%
Javier
50%
Jesús
50%
Laura
50%
Luisa
50%
Marta
50%
Pablo
50%
Sara
50%
Teresa
50%
Concepción
0%
Elena
0%
Francisca
0%
Paula
0%
Pilar
0%
Rafael
0%
No matching quizzes found
Score Distribution
Percent of People with Each Score
Percentile by Number Answered
Your Score History
You have not taken this quiz